Temps de jeux des joueurs de l'Olympique de Marseille 24/25 - Statistiques

Statistiques générales
  • Ce quiz a été pris 88 fois
  • Le résultat moyen est 20 sur 33
Statistiques - réponses
Temps de jeu (min) Joueur % Correct
2456 Leonardo Balerdi
94%
2971 Mason Greenwood
94%
3060 Gerónimo Rulli
91%
1728 Valentin Rongier
91%
2636 Adrien Rabiot
88%
1052 Amine Gouiri
81%
2616 Amir Murillo
78%
1713 Quentin Merlin
78%
846 Jonathan Rowe
75%
1178 Neal Maupay
75%
2846 Pierre-Emile Højbjerg
75%
2802 Luis Henrique
73%
995 Ulisses Garcia
72%
2096 Geoffrey Kondogbia
69%
1522 Derek Cornelius
67%
180 Jeffrey de Lange
67%
80 Robinio Vaz
67%
395 Bilal Nadir
64%
675 Pol Lirola
64%
522 Amine Harit
63%
12 Darryl Bakola
61%
650 Ismaël Bennacer
58%
595 Elye Wahi
48%
388 Ismaël Koné
45%
2 Keyliane Abdallah
43%
8 Faris Moumbagna
42%
780 Lilian Brassier
40%
121 Luiz Felipe
37%
309 Amar Dedic
34%
22 Enzo Sternal
27%
24 Bamo Meïté
25%
11 Alexi Koum
21%
100 Valentín Carboni
19%
Aucun quiz correspondant
Distribution des résultats
% des personnes avec chaque résultat
Percentile par nombre de réponses
Votre historique - résultats
Vous n’avez pas pris ce quiz